000
00250nam a2200133Ia 4500
100
_a
Anfilov/G
942
_c
BK
654
_a
Music
245
_a
Physics& Music
260
_b
Mir Publishers
082
_a
781
300
_a
252
546
_a
ENGLISH
999
_c
33306
_d
33306